[Event "AUTO-OPEN-1860"]
[Site "http://www.queenalice.com/game.php?id=723202"]
[Date "2010.1.31"]
[Round "1"]
[White "augustoluizheck"]
[Black "Guarani"]
[Result "1-0"]
[WhiteElo "1415"]
[BlackElo "2061"]

1. e4 e5 2. d4 exd4 3. Nf3 c5 4. c3 dxc3 5. Nxc3 d6 6. Be3 Nc6 7. Qc2 Bg4 8. Bb5
Bxf3 9. gxf3 Be7 10. O-O-O Bf6 11. Rd3 Ne7 12. Rhd1 Nc8 13. Bxc5 O-O 14. f4 Bxc3
15. Rxc3 Qh4 16. Bxc6 bxc6 17. Be3 c5 18. e5 dxe5 19. fxe5 Qxh2 20. Bxc5 Re8 21.
Bd6 Nb6 22. Rd4 Nd7 23. Qe4 Rad8 24. e6 Qh6+ 25. Bf4 Qxe6 26. Qxe6 Rxe6 27. Rxd7
Rde8 28. Be3 a5 29. Rcd3 Rc6+ 30. Kd2 Rce6 31. Rd8 h6 32. Rxe8+ Rxe8 33. Ke2 f5
34. Kf3 Rf8 35. Bc5 Rc8 36. Rd5 g6 37. b4 axb4 38. Bxb4 Kf7 39. a4 Rc6 40. Rc5
Re6 41. a5 Kf6 42. Bc3+ Kg5 43. Re5 Rc6 44. Bd2+ Kh5 45. Kg3 Rf6 46. Rb5 g5 47.
Rb6 Rf8 48. a6 f4+ 49. Kh2 Rd8 50. Bb4 Rd7 51. Rb7 Rd1 52. a7 Ra1 53. Bc5 Kg4
54. Rb3 h5 55. Ra3 1-0

[Event "AUTO-OPEN-1860"]
[Site "http://www.queenalice.com/game.php?id=723203"]
[Date "2010.1.31"]
[Round "1"]
[White "Guarani"]
[Black "augustoluizheck"]
[Result "1-0"]
[WhiteElo "2036"]
[BlackElo "1120"]

1. e4 c5 2. Nf3 Nc6 3. d4 cxd4 4. Nxd4 Nxd4 5. Qxd4 e6 6. Be2 g6 7. Qxh8 Nf6 8.
Bg5 Qa5+ 9. Bd2 Qd8 10. e5 Nd5 11. O-O d6 12. c4 Nc7 13. Bb4 dxe5 14. Qxf8+ 1-0

[Event "AUTO-OPEN-1860"]
[Site "http://www.queenalice.com/game.php?id=723224"]
[Date "2010.1.31"]
[Round "1"]
[White "Guarani"]
[Black "Duncan"]
[Result "0-1"]
[WhiteElo "2069"]
[BlackElo "2236"]

1. d4 Nf6 2. c4 e6 3. Nc3 Bb4 4. a3 Bxc3+ 5. bxc3 c5 6. Bg5 h6 7. Bh4 g5 8. Bg3
Ne4 9. Be5 f6 10. Bg3 Nxg3 11. hxg3 Nc6 12. g4 b6 13. e3 Bb7 14. Nf3 Ne7 15. Bd3
Kf7 16. e4 d6 17. Qc2 e5 18. Qe2 Ng6 19. Nd2 Qd7 20. g3 Bc6 21. f3 Kg7 22. Nf1
Ne7 23. Ne3 Rae8 24. Kd2 exd4 25. cxd4 cxd4 26. Nc2 d5 27. cxd5 Nxd5 28. Nxd4
Ne7 29. Qf2 Rd8 30. Kc3 Ba4 31. Bc4 Rc8 32. Kd3 Rhd8 33. Qb2 Bc2+ 0-1

[Event "AUTO-OPEN-1860"]
[Site "http://www.queenalice.com/game.php?id=723225"]
[Date "2010.1.31"]
[Round "1"]
[White "Duncan"]
[Black "Guarani"]
[Result "1-0"]
[WhiteElo "2227"]
[BlackElo "2065"]

1. e4 e5 2. Nf3 Nc6 3. Bb5 a6 4. Ba4 b5 5. Bb3 Nf6 6. O-O Bb7 7. Re1 d6 8. c3
Be7 9. d4 O-O 10. Nbd2 Nd7 11. Nf1 Na5 12. Bc2 Bf6 13. Ng3 c6 14. b3 exd4 15.
cxd4 c5 16. e5 Bxf3 17. Qd3 g6 18. exf6 Bg4 19. Bh6 Re8 20. h3 Be6 21. d5 c4 22.
Qd2 Bxh3 23. Rxe8+ Qxe8 24. gxh3 cxb3 25. axb3 Nb7 26. Bg7 Ne5 27. Kg2 Nc5 28.
Qh6 Ned7 29. Nf5 1-0

[Event "AUTO-OPEN-1860"]
[Site "http://www.queenalice.com/game.php?id=723226"]
[Date "2010.1.31"]
[Round "1"]
[White "Guarani"]
[Black "GMNeny"]
[Result "1-0"]
[WhiteElo "2019"]
[BlackElo "1930"]

1. d4 d5 2. c4 dxc4 3. Nc3 Nf6 4. e3 Bg4 5. Nf3 e6 6. Bxc4 Be7 7. Be2 O-O 8. O-O
c5 9. dxc5 Bxc5 10. Ne5 Bxe2 11. Qxe2 Qc7 12. Nd3 Be7 13. Bd2 Nc6 14. Rac1 a6
15. a3 Rfd8 16. Rc2 Rac8 17. Rfc1 Qb8 18. Na4 Qa7 19. Ne5 Ne4 20. Nxc6 bxc6 21.
Ba5 Rd5 22. Bb6 Qb7 23. f3 Nf6 24. e4 Rd7 25. Bf2 Rdc7 26. Nc5 Bxc5 27. Bxc5 Qb5
28. Qf2 Nd7 29. Bd6 Rb7 30. b4 a5 31. bxa5 Qxa5 32. Bb4 Qb6 33. Qxb6 Rxb6 34.
Rd1 Nf6 35. Rcd2 h6 36. Bc5 Ra6 37. Rd8+ Rxd8 38. Rxd8+ Kh7 39. Rc8 Kg6 40. e5
Nd5 41. g3 Kf5 42. f4 g5 43. Rf8 Kg6 44. fxg5 hxg5 45. h3 Ra4 46. Bd6 Ra5 47.
Kf2 Nc3 48. Kf3 Nb5 49. Bb4 Ra6 50. g4 Nxa3 51. Rg8+ Kh7 52. Rxg5 Nc4 53. Bf8
Nd2+ 54. Ke3 Nc4+ 55. Kd4 Nd2 56. Rg7+ Kh8 57. Rxf7 Kg8 58. Rf2 Nb3+ 59. Kc3 Nc1
60. Bd6 Na2+ 61. Kb2 Kg7 62. Rf6 c5 63. Bxc5 1-0

[Event "AUTO-OPEN-1860"]
[Site "http://www.queenalice.com/game.php?id=723227"]
[Date "2010.1.31"]
[Round "1"]
[White "GMNeny"]
[Black "Guarani"]
[Result "1/2-1/2"]
[WhiteElo "1999"]
[BlackElo "2060"]

1. d4 d5 2. Nf3 Nf6 3. e3 Bg4 4. Be2 e6 5. O-O c5 6. c3 Nc6 7. Nbd2 Be7 8. h3
Bh5 9. Re1 O-O 10. a3 Nd7 11. Nf1 f5 12. Ng3 Bg6 13. b4 cxd4 14. Nxd4 Nxd4 15.
cxd4 Bd6 16. Nf1 Rc8 17. f4 Nb6 18. Bb2 Be8 19. Rc1 Rf7 20. Qd2 a6 21. Rxc8 Qxc8
22. Rc1 Qd8 23. Qe1 Rc7 24. Rxc7 Qxc7 25. Qc3 Qd8 26. Qe1 Be7 27. Qc1 Na4
1/2-1/2

[Event "AUTO-ADV-1313"]
[Site "http://www.queenalice.com/game.php?id=732847"]
[Date "2010.2.16"]
[Round "3"]
[White "Guarani"]
[Black "Gera"]
[Result "1-0"]
[WhiteElo "2031"]
[BlackElo "1940"]

1. d4 d5 2. c4 c6 3. Nc3 e6 4. Bf4 Nf6 5. h3 Nbd7 6. a3 dxc4 7. a4 Bb4 8. Bd2
Qe7 9. e3 O-O 10. Bxc4 Nb6 11. Bd3 Rd8 12. Nf3 e5 13. Nxe5 c5 14. Nf3 cxd4 15.
Ne2 dxe3 16. Bxb4 Qxb4+ 17. Kf1 Bf5 18. Nfd4 Bxd3 19. Qxd3 exf2 20. b3 Rac8 21.
Kxf2 Na8 22. Rhd1 Nc7 23. Qf3 Na6 24. Kg1 Re8 25. Nf5 Rc2 26. Ned4 Qc5 27. Kh1
Rc3 28. Qxb7 Nb4 29. Re1 Nc2 30. Rxe8+ Nxe8 31. Qe4 Nc7 32. Rd1 Nxd4 33. Rxd4
Rc1+ 34. Kh2 Ne6 35. Rd8+ 1-0

[Event "AUTO-ADV-1313"]
[Site "http://www.queenalice.com/game.php?id=732848"]
[Date "2010.2.16"]
[Round "3"]
[White "Gera"]
[Black "Guarani"]
[Result "0-1"]
[WhiteElo "2001"]
[BlackElo "2055"]

1. c4 g6 2. d4 Bg7 3. e4 c5 4. d5 d6 5. Qc2 Nf6 6. Be2 O-O 7. Nc3 Ne8 8. Nf3 f5
9. exf5 Bxf5 10. Bd3 Bg4 11. Nd2 e6 12. dxe6 Nc6 13. O-O Nb4 14. Qb1 Nxd3 15.
Qxd3 Bxe6 16. Nde4 a6 17. Be3 Qc7 18. Qxd6 Nxd6 0-1

[Event "AUTO-OPEN-1996"]
[Site "http://www.queenalice.com/game.php?id=783939"]
[Date "2010.6.1"]
[Round "1"]
[White "Guarani"]
[Black "jeancarlo1910"]
[Result "1-0"]
[WhiteElo "2047"]
[BlackElo "1619"]

1. e4 e5 2. Bc4 Nf6 3. Nf3 Nc6 4. O-O d6 5. Ng5 Be6 6. Bxe6 fxe6 7. Nxe6 Qe7 8.
Nxf8 Rxf8 9. d3 h6 10. Nc3 h5 11. Bg5 O-O-O 12. Nd5 Qe6 13. Ne3 Ne7 14. c4 Ng4
15. Nd5 Nxd5 16. cxd5 Qg6 17. Bxd8 Kxd8 18. Qa4 a6 19. Rac1 h4 20. h3 Nf6 21.
Rc2 Kc8 22. Rfc1 Ne8 23. b4 Kb8 24. b5 axb5 25. Qxb5 Qg5 26. Rb1 b6 27. a4 Qe7
28. a5 Qd8 29. axb6 Kc8 30. Ra1 Rxf2 31. Ra8+ Kb7 32. Qa6# 1-0

[Event "AUTO-OPEN-1996"]
[Site "http://www.queenalice.com/game.php?id=783940"]
[Date "2010.6.1"]
[Round "1"]
[White "jeancarlo1910"]
[Black "Guarani"]
[Result "1-0"]
[WhiteElo "1672"]
[BlackElo "2049"]

1. d4 d5 2. Nf3 c5 3. c3 cxd4 4. Nxd4 Nf6 5. Bf4 Nbd7 6. Nb3 e5 7. Bg3 Nh5 8.
Qxd5 Nxg3 9. hxg3 Be7 10. N1d2 O-O 11. e4 Qc7 12. O-O-O Nb6 13. Qd3 Be6 14. Qe3
Rac8 15. Nb1 f5 16. Bd3 h6 17. exf5 Bg5 18. f4 exf4 19. Qxe6+ Kh8 20. gxf4 Bxf4+
21. N3d2 a5 22. g3 Bxg3 23. Rxh6+ gxh6 24. Qxh6+ Qh7 25. Qxb6 a4 26. Qd4+ Qg7
27. Rh1+ Kg8 28. Bc4+ Rxc4 29. Qxc4+ Rf7 30. Qc8+ Rf8 31. Qc4+ Rf7 32. Rg1 Qg5
33. Qc8+ Kg7 34. f6+ Kxf6 35. Rxg3 Qh6 36. Rf3+ Kg7 37. Rg3+ 1-0

[Event "AUTO-OPEN-1996"]
[Site "http://www.queenalice.com/game.php?id=813776"]
[Date "2010.8.5"]
[Round "2"]
[White "Guarani"]
[Black "goldenboy"]
[Result "0-1"]
[WhiteElo "2038"]
[BlackElo "1996"]

1. d4 d5 2. c4 c6 3. Nc3 Nf6 4. Bg5 e6 5. e3 Nbd7 6. Nf3 Bb4 7. a3 Bxc3+ 8. bxc3
Qa5 9. Qc2 Ne4 10. cxd5 Qxd5 11. Bf4 Qa5 12. Rc1 Qxa3 13. Bd3 Nef6 14. O-O O-O
15. e4 h6 16. Bc7 Qe7 17. e5 Ne8 18. Ba5 b6 19. Bb4 c5 20. Ba3 Bb7 21. Nd2 f6
22. exf6 Qxf6 23. Ne4 Bxe4 24. Bxe4 Rd8 25. d5 exd5 26. Bxd5+ Kh8 27. c4 Nc7 28.
Bb2 Qf4 29. g3 Qg5 30. f4 Qg4 31. Bf3 Qh3 32. Rfe1 Ne6 33. Re3 Nd4 34. Qc3 Nf6
35. Bg2 Qh5 36. Bf3 Ng4 37. Bxg4 Qxg4 38. Rf1 Rf7 39. Qe1 Kh7 40. Rf2 Rdf8 0-1

[Event "AUTO-OPEN-1996"]
[Site "http://www.queenalice.com/game.php?id=813777"]
[Date "2010.8.5"]
[Round "2"]
[White "goldenboy"]
[Black "Guarani"]
[Result "0-1"]
[WhiteElo "2077"]
[BlackElo "2044"]

1. e4 e5 2. Nf3 Nc6 3. Bc4 h6 4. d4 exd4 5. Nxd4 Ne5 6. Bb3 Nf6 7. f4 Ng6 8. e5
Ne4 9. O-O Be7 10. Qg4 d5 11. e6 Nf6 12. exf7+ Kxf7 13. Qf3 c6 14. f5 Ne5 15.
Qe2 Bd6 16. c4 Re8 17. cxd5 Bc5 18. dxc6+ Kf8 19. cxb7 Bxd4+ 20. Kh1 Bxb7 21.
Qb5 Qb6 22. Qxb6 Bxb6 23. Bf4 Ne4 24. h3 Nd3 25. Be6 Nef2+ 26. Rxf2 Nxf2+ 27.
Kh2 Red8 28. Nc3 Nd3 29. Bg3 Nxb2 30. Nb5 Rd2 31. Bd6+ Ke8 32. Kg3 Rxg2+ 33. Kf4
Nd3# 0-1

[Event "AUTO-OPEN-1996"]
[Site "http://www.queenalice.com/game.php?id=813778"]
[Date "2010.8.5"]
[Round "2"]
[White "Guarani"]
[Black "TriGuy"]
[Result "0-1"]
[WhiteElo "2043"]
[BlackElo "2329"]

1. d4 d5 2. c4 c6 3. Nc3 Nf6 4. Bg5 Nbd7 5. e3 e6 6. a3 h6 7. Bh4 Be7 8. Nf3 O-O
9. Be2 b6 10. b4 Ne4 11. Bxe7 Qxe7 12. Qc2 Nxc3 13. Qxc3 Nf6 14. O-O Bb7 15. c5
b5 16. Nd2 Rfe8 17. f4 Ne4 18. Qc2 f5 19. Nf3 a6 20. Ne5 Kh7 21. Bh5 Rec8 22.
Rf3 a5 0-1

[Event "AUTO-OPEN-1996"]
[Site "http://www.queenalice.com/game.php?id=813779"]
[Date "2010.8.5"]
[Round "2"]
[White "TriGuy"]
[Black "Guarani"]
[Result "1-0"]
[WhiteElo "2325"]
[BlackElo "2048"]

1. d4 Nf6 2. c4 g6 3. Nc3 Bg7 4. e4 d6 5. Nf3 O-O 6. Be2 Nbd7 7. Be3 Ng4 8. Bg5
f6 9. Bd2 e5 10. O-O f5 11. Bg5 Bf6 12. Bxf6 Ndxf6 13. exf5 Bxf5 14. dxe5 dxe5
15. Qxd8 Rfxd8 16. h3 e4 17. hxg4 exf3 18. Bxf3 Nxg4 19. Bxb7 Rab8 20. Bd5+ Kg7
21. b3 Nf6 22. Rfe1 a6 23. Re7+ 1-0

[Event "CARO KANN  E4 C6"]
[Site "http://www.queenalice.com/game.php?id=853976"]
[Date "2010.11.3"]
[Round "5"]
[White "Guarani"]
[Black "vininb"]
[Result "0-1"]
[WhiteElo "2020"]
[BlackElo "1860"]

1. d4 d5 2. c4 e6 3. Nc3 c6 4. a3 Bd6 5. c5 Bc7 6. Nf3 Nd7 7. e4 Ne7 8. Bd3 O-O
9. O-O h6 10. Be3 b6 11. b4 b5 12. e5 Bb7 0-1